|
|
|
|
| LEADER |
00000nta a2200000 i 4500 |
| 001 |
dolg33402 |
| 005 |
20210423072555.0 |
| 008 |
210423suuuu hu om 000 hun d |
| 040 |
|
|
|a BGE Dolgozattár Repozitórium
|b hun
|
| 041 |
|
|
|a hu
|
| 100 |
1 |
|
|a Takács Brigitta
|
| 245 |
1 |
0 |
|a Társadalmi felelősségvállalás Magyarországon
|b a Dreher Sörgyárak Zrt. vállalati állampolgárság stratégiájának bemutatása
|c Takács Brigitta
|h [elektronikus dokumentum]
|
| 695 |
|
|
|a CSR
|
| 695 |
|
|
|a Társadalmi felelősségvállalás
|
| 700 |
1 |
|
|a Nincs adat Nincs adat
|e ths
|
| 856 |
4 |
0 |
|u http://dolgozattar.uni-bge.hu/33402/1/D_17352.pdf
|z Dokumentum-elérés
|